000 00380cam a2200169ua 4500
041 _amal
_h
082 _a894.812301
_bMAT/SA
100 _aMuttatholi, K J .
_95965
245 _aSahodari /
_cK J Muttatholi.
_hTextual Documents
260 _aThrissur :
_bCurrent Books ,
_c1957.
300 _a71 ; .
504 _a
942 _cBK
999 _c46
_d46
003 @
003 OSt